| 000 | 00668cab a2200241 4500 | ||
|---|---|---|---|
| 001 | WB3020-14 | ||
| 008 | 090401t1994 xxu||||| |||| 00| 0 eng d | ||
| 035 | _a(Sirsi) u58283 | ||
| 041 | _aeng | ||
| 245 | _aPackage deal initiative | ||
| 260 | _c1994 | ||
| 350 | _a0 | ||
| 490 |
_aBuilding Economist _vMay 1994, 4(1) |
||
| 520 | _aDevelopment packages for clients are being used by leading quantity surveyors in a bid to win work. | ||
| 650 | _aBUCKNALL AUSTIN | ||
| 650 | _aCYRIL SWEETT & PARTNERS | ||
| 650 | _aMONK DUNSTONE | ||
| 650 | _aWAKEMANS | ||
| 690 | _aDEVELOPMENT | ||
| 690 |
_aProject management _96261 |
||
| 942 | _n0 | ||
| 948 | _c04/03/1997 | ||
| 999 |
_c35565 _d35565 |
||